| 000 | 01576cam a2200397 a 4500 | ||
|---|---|---|---|
| 001 | 15647836 | ||
| 003 | EG-ScBUE | ||
| 005 | 20220324105510.0 | ||
| 008 | 090305s2007 nyu f b 001 1 eng d | ||
| 020 | _a9781400079988 (pbk.) | ||
| 035 | _a(OCoLC)ocn229028141 | ||
| 040 |
_aBTCTA _beng _erda _cBTCTA _dBAKER _dOEI _dRCS _dDLC _dEG-ScBUE |
||
| 041 | 1 |
_aeng _hrus |
|
| 082 | 0 | 4 |
_a891.733 _222 _bTOL |
| 100 | 1 |
_aTolstoy, Leo, _cgraf, _d1828-1910, _eauthor. _929954 |
|
| 245 | 1 | 0 |
_aWar and peace / _cLeo Tolstoy ; translated from the Russian by Richard Pevear and Larissa Volokhonsky ; with an introduction by Richard Pevear. |
| 264 | 1 |
_aNew York : _bVintage Books, _c2007. |
|
| 300 |
_axviii, 1273 pages ; _c24 cm. |
||
| 336 |
_2rdacontent _atext _btxt |
||
| 337 |
_2rdamedia _aunmediated _bn |
||
| 338 |
_2rdacarrier _avolume _bnc |
||
| 490 | 0 | _aVintage classics | |
| 500 | _aIncludes Appendices. | ||
| 504 | _aIncludes bibliographical references and index. | ||
| 546 | _aText in English ; translated from the original Russian. | ||
| 650 | _2BUEsh | ||
| 651 | 7 |
_aRussia _xHistory _yAlexander I, 1801-1825 _vFiction. _2BUEsh _929955 |
|
| 651 | 7 |
_aNapoleonic Wars, 1800-1815 _xCampaigns _zRussia _vFiction. _2BUEsh _929956 |
|
| 653 |
_cMay2012 _bHHUUEENN |
||
| 655 | 7 |
_aHistorical fiction. _2gsafd _vReading book |
|
| 700 | 1 |
_aPevear, Richard, _d1943- _etranslator. _929958 |
|
| 700 | 1 |
_aVolokhonsky, Larissa, _etranslator. _929959 |
|
| 700 | 1 |
_aPevear, Richard, _d1943- _eauthor of introduction, etc. |
|
| 942 |
_2ddc _cBB |
||
| 999 |
_c16737 _d16737 |
||